[Event "Eynatten 2 - Zottegem"]
[Site "?"]
[Date "2013.03.03"]
[Round "10.5"]
[White "Gurevich, Mikhail"]
[Black "Ghysels, Marc"]
[Result "0-1"]
[WhiteElo "1982"]
[BlackElo "2164"]
[PlyCount "82"]
[EventDate "2013.??.??"]

1. e4 c6 2. d4 g6 3. Nc3 d5 4. Nf3 Bg4 5. Be2 e6 6. O-O Bg7 7. exd5 cxd5 8. Bf4
a6 9. Ne5 Bxe2 10. Qxe2 Nf6 11. Rfe1 O-O 12. a4 Qb6 13. Qd2 Nc6 14. Red1 Rac8
15. Ra3 Na5 16. Nb1 Nc4 17. Nxc4 Rxc4 18. Rb3 Qc6 19. Nc3 Ne4 20. Nxe4 Rxd4 21.
Qxd4 Bxd4 22. Rxd4 Qxc2 23. Rc3 Qxb2 24. Bc1 Qa1 25. Nf6+ Kg7 26. Nh5+ gxh5 27.
Rdd3 h4 28. h3 b5 29. axb5 axb5 30. Kh2 b4 31. Rc2 Qe5+ 32. g3 Qe4 33. Bb2+ f6
34. Rcd2 Rc8 35. f3 hxg3+ 36. Kxg3 Qe1+ 37. Kh2 Kf7 38. Rg2 Rc4 39. Rdd2 Qe3
40. Rde2 Qf4+ 41. Kg1 h5 0-1

[Event "Eynatten 2 - Zottegem"]
[Site "?"]
[Date "2013.03.03"]
[Round "10.3"]
[White "Vanstreels, Luk"]
[Black "Roos, Adrian"]
[Result "1/2-1/2"]
[WhiteElo "2122"]
[BlackElo "2254"]
[PlyCount "92"]
[EventDate "2013.??.??"]

1. d4 Nf6 2. Bg5 Ne4 3. Bf4 c5 4. f3 Qa5+ 5. c3 Nf6 6. Nd2 cxd4 7. Nb3 Qf5 8.
Bxb8 Rxb8 9. Qxd4 b6 10. e4 Qf4 11. Nh3 Qc7 12. e5 Ng8 13. Bd3 e6 14. Ng5 Ne7
15. f4 h6 16. Ne4 Nf5 17. Qf2 d5 18. Ng3 g6 19. Nxf5 gxf5 20. Nd4 Bd7 21. O-O
h5 22. Rac1 b5 23. Qe2 Qb6 24. Rf3 Bc5 25. Kf1 Bxd4 26. cxd4 Qxd4 27. Qf2 Qxf2+
28. Kxf2 Rb7 29. Rh3 Ke7 30. Be2 h4 31. Ke3 Rbb8 32. Kd4 a5 33. Rc5 a4 34. b4
axb3 35. axb3 b4 36. Rc7 Rhg8 37. Bf3 Rgc8 38. Rc5 Ra8 39. Rxh4 Ra3 40. Rxc8
Bxc8 41. Bd1 Ra1 42. Be2 Ra2 43. Bb5 Rxg2 44. Kc5 Bd7 45. Kxb4 Bxb5 46. Kxb5
Rc2 1/2-1/2

[Event "Eynatten 2 - Zottegem"]
[Site "?"]
[Date "2013.03.03"]
[Round "10.1"]
[White "Kaufeld, Jürgen"]
[Black "De Schampheleire, Glen"]
[Result "1/2-1/2"]
[WhiteElo "2337"]
[BlackElo "2311"]
[PlyCount "25"]
[EventDate "2013.??.??"]

1. e4 c6 2. d4 d5 3. e5 Bf5 4. Nf3 e6 5. Be2 c5 6. Be3 cxd4 7. Nxd4 Ne7 8. Nd2
Nbc6 9. N2f3 Be4 10. O-O Ng6 11. Nd2 Ngxe5 12. Nxe4 dxe4 13. c3 1/2-1/2

[Event "Eynatten 2 - Wirtzfeld"]
[Site "?"]
[Date "2012.12.16"]
[Round "6.7"]
[White "Roefe, Detlef"]
[Black "Hautot, Stéphane"]
[Result "0-1"]
[WhiteElo "1975"]
[BlackElo "2401"]
[PlyCount "80"]
[EventDate "2012.12.15"]

1. d4 d5 2. c4 c6 3. e3 Nf6 4. Nf3 Bf5 5. Nbd2 e6 6. b3 Ne4 7. Nxe4 dxe4 8. Nd2
c5 9. dxc5 Bxc5 10. Bb2 O-O 11. Qc2 Nc6 12. a3 a5 13. Rd1 Qe7 14. Nb1 Rad8 15.
Be2 Rxd1+ 16. Qxd1 Rd8 17. Qc1 Qh4 18. g3 Qh3 19. Bf1 Qh5 20. Be2 Bg4 21. Qc2
Bf3 22. Bxf3 Qxf3 23. O-O Rd3 24. Re1 h5 25. h4 Bd6 26. Nd2 Qf5 27. Kg2 Be5 28.
f4 exf3+ 29. Nxf3 Bxb2 30. Qxb2 Qe4 31. Kf2 f6 32. Re2 e5 33. Ne1 Qf5+ 34. Kg2
Rd7 35. Rd2 e4 36. b4 Ne5 37. Rxd7 Qxd7 38. c5 Qd1 39. Qc3 Qe2+ 40. Kh3 Qf1+
0-1

[Event "Eynatten 2 - Wirtzfeld"]
[Site "?"]
[Date "2012.12.16"]
[Round "6.3"]
[White "Heimsoth, Holger"]
[Black "Siegbert, Sebastian"]
[Result "0-1"]
[WhiteElo "2165"]
[BlackElo "2482"]
[PlyCount "110"]
[EventDate "2012.12.15"]

1. Nf3 Nf6 2. g3 d5 3. Bg2 c6 4. b3 Bg4 5. Bb2 e6 6. c4 Nbd7 7. O-O Bd6 8. Qc2
O-O 9. d3 Qe7 10. Nbd2 Rfe8 11. e4 dxe4 12. dxe4 e5 13. h3 Bh5 14. Nh4 Qf8 15.
Nf5 Ba3 16. Bc3 a5 17. g4 Bg6 18. Rad1 Bb4 19. Nb1 Bxc3 20. Nxc3 Nc5 21. Rd2 h6
22. Rfd1 Nh7 23. Ne2 Ng5 24. h4 Nge6 25. Qc3 f6 26. Qe3 Red8 27. f4 Rxd2 28.
Rxd2 exf4 29. Nxf4 Nxf4 30. Qxf4 Bxf5 31. exf5 Rd8 32. Rxd8 Qxd8 33. Qe3 Qd1+
34. Kh2 Qd6+ 35. Kg1 Kf8 36. g5 fxg5 37. hxg5 Qe7 38. Qxe7+ Kxe7 39. f6+ gxf6
40. gxh6 Kf7 41. Kf2 Kg6 42. Ke3 Kxh6 43. Bh3 Kg5 44. Kd4 b6 45. Bg2 Ne6+ 46.
Ke4 Nf4 47. Bf3 Ng6 48. a3 Nh4 49. Bh1 Nf5 50. Bg2 c5 51. Bh3 Ne7 52. Bd7 f5+
53. Ke5 f4 54. Bh3 f3 55. Kd6 Nf5+ 0-1

[Event "Eynatten 2 - Wirtzfeld"]
[Site "?"]
[Date "2012.12.16"]
[Round "6.1"]
[White "Balduan, Markus"]
[Black "Winants, Luc"]
[Result "0-1"]
[WhiteElo "2288"]
[BlackElo "2545"]
[PlyCount "68"]
[EventDate "2012.12.15"]

1. c4 e5 2. g3 Nc6 3. Bg2 f5 4. Nc3 Nf6 5. e3 d5 6. Nxd5 Nxd5 7. cxd5 Nb4 8. d3
Nxd5 9. Nf3 Bd6 10. e4 fxe4 11. Nxe5 Nf6 12. d4 Bxe5 13. dxe5 Qxd1+ 14. Kxd1
Ng4 15. Ke1 O-O 16. Bf4 Re8 17. Rc1 Nxe5 18. Bxe5 Rxe5 19. Rxc7 Bg4 20. Bf1 Rd8
21. Be2 Bf3 22. Rf1 b5 23. Rc3 b4 24. Rc2 Kf8 25. Rd2 Rc8 26. Rd4 Rc2 27. Rd2
Rec5 28. b3 g5 29. h3 Ke7 30. g4 h6 31. Bd1 Rc1 32. Rg1 R5c2 33. Rd4 Re2+ 34.
Kf1 Rxa2 0-1

[Event "Eynatten 2 - Rochade"]
[Site "Eupen"]
[Date "2013.01.13"]
[Round "7.8"]
[White "Dorr, Yannick"]
[Black "Plumanns, Dieter"]
[Result "1/2-1/2"]
[WhiteElo "1930"]
[BlackElo "2096"]
[PlyCount "42"]
[EventDate "2013.??.??"]

1. e4 c6 2. d4 d5 3. exd5 cxd5 4. Nc3 Nf6 5. h3 Bf5 6. Nf3 e6 7. Bb5+ Nbd7 8.
O-O Be7 9. Bf4 a6 10. Ba4 O-O 11. Ne2 Rc8 12. Ng3 Bg6 13. Re1 b5 14. Bb3 Nh5
15. Nxh5 Bxh5 16. a3 Nb6 17. Qd3 Bg6 18. Qe2 Nc4 19. c3 Bd6 20. Bxd6 Qxd6 21.
Ne5 Nxe5 1/2-1/2

[Event "Eynatten 2 - Rochade"]
[Site "Eupen"]
[Date "2013.01.13"]
[Round "7.6"]
[White "Vanstreels, Luk"]
[Black "Bruehl, Andreas"]
[Result "0-1"]
[WhiteElo "2122"]
[BlackElo "2320"]
[PlyCount "104"]
[EventDate "2013.??.??"]

1. d4 Nf6 2. Bg5 e6 3. e4 h6 4. Bxf6 Qxf6 5. Nf3 d5 6. Nc3 Bb4 7. Bd3 dxe4 8.
Bxe4 O-O 9. a3 Bxc3+ 10. bxc3 Nd7 11. Qe2 Nc5 12. Ne5 Nxe4 13. Qxe4 Qf5 14.
Qxf5 exf5 15. Kd2 Be6 16. c4 f6 17. Ng6 Rfe8 18. Kd3 Bf7 19. Nh4 Re4 20. Nxf5
Rf4 21. Ne3 Rd8 22. c3 Rxf2 23. c5 Re8 24. Rhe1 Bg6+ 25. Kc4 f5 26. Kb4 Bf7 27.
Rab1 f4 28. Nc4 Rxe1 29. Rxe1 Rxg2 30. Ne5 Rb2+ 31. Ka5 Rb3 32. c4 Rxa3+ 33.
Kb4 Re3 34. Rxe3 fxe3 35. Kc3 a5 36. d5 a4 37. d6 cxd6 38. cxd6 Be6 39. d7 Bxd7
40. Nxd7 e2 41. Kd2 b6 42. c5 a3 43. Kxe2 a2 44. Nxb6 a1=Q 45. Kd3 Qe5 46. Kc4
Qxh2 47. c6 Qd6 48. Kb5 h5 49. Nd7 h4 50. Kb6 h3 51. Kb7 h2 52. c7 h1=Q+ 0-1

[Event "Eynatten 2 - Rochade"]
[Site "Eupen"]
[Date "2013.01.13"]
[Round "7.4"]
[White "Dischinger, Frank"]
[Black "Ahn, Martin"]
[Result "1/2-1/2"]
[WhiteElo "2187"]
[BlackElo "2325"]
[PlyCount "38"]
[EventDate "2013.??.??"]

1. e4 c5 2. Nf3 d6 3. d4 cxd4 4. Nxd4 Nf6 5. f3 Nc6 6. c4 Nxd4 7. Qxd4 g6 8.
Nc3 Bg7 9. Be3 O-O 10. Qd2 a5 11. b3 a4 12. b4 Be6 13. Rc1 Nd7 14. Be2 f5 15.
exf5 gxf5 16. Nd5 Rc8 17. O-O Qe8 18. a3 Qf7 19. Rfd1 Kh8 1/2-1/2

[Event "Eynatten 2 - Rochade"]
[Site "Eupen"]
[Date "2013.01.13"]
[Round "7.2"]
[White "Kaufeld, Juergen"]
[Black "Feygin, Michael"]
[Result "0-1"]
[WhiteElo "2337"]
[BlackElo "2538"]
[PlyCount "96"]
[EventDate "2013.??.??"]

1. d4 e6 2. c4 Nf6 3. g3 d5 4. Nf3 c6 5. Bg2 dxc4 6. O-O b5 7. Nc3 Bb7 8. Ne5
Nd5 9. e4 Nxc3 10. bxc3 Nd7 11. f4 Qc7 12. Qf3 Be7 13. a4 a6 14. Ra2 Nf6 15. g4
c5 16. g5 Nxe4 17. axb5 Nd6 18. Qh3 O-O 19. bxa6 Bxg2 20. Qxg2 cxd4 21. cxd4
Nf5 22. Rd1 Rfd8 23. Kh1 Qb6 24. Nxc4 Qb3 25. Qc2 Qf3+ 26. Kg1 Bc5 27. Ne5 Nxd4
28. Nxf3 Nxc2+ 29. Kg2 Rxd1 30. Rxc2 Be7 31. Be3 Rxa6 32. Ne5 f6 33. Nc6 Bf8
34. Nd4 Rd6 35. Nf3 R1d3 36. Kf2 Rd8 37. gxf6 gxf6 38. Rc7 R3d7 39. Rc6 Rd6 40.
Rc7 R6d7 41. Rc6 Kf7 42. Ke2 Be7 43. Nd2 Rd6 44. Rc7 R8d7 45. Rc8 Rd8 46. Rc7
Rd5 47. Nf3 R8d7 48. Rc8 Rb7 0-1

[Event "Eynatten 2 - Fontaine "]
[Site "?"]
[Date "2012.10.07"]
[Round "2.8"]
[White "Dorr, Yannick"]
[Black "Capone, Nicola"]
[Result "1/2-1/2"]
[WhiteElo "1883"]
[BlackElo "2180"]
[PlyCount "90"]
[EventDate "2012.10.07"]

1. Nf3 Nf6 2. c4 e6 3. g3 Be7 4. Bg2 O-O 5. O-O c5 6. b3 d5 7. cxd5 Nxd5 8. Bb2
Nc6 9. Na3 Ndb4 10. Nc2 Nxc2 11. Qxc2 Bd7 12. d3 Rc8 13. Nd2 Qc7 14. Nc4 b5 15.
Ne3 Nd4 16. Qd1 f5 17. Rc1 Qd6 18. Nc2 Bf6 19. Nxd4 cxd4 20. Qd2 b4 21. Rc4
Rxc4 22. dxc4 e5 23. Rc1 Qc5 24. Bd5+ Kh8 25. Ra1 a5 26. a3 Rb8 27. axb4 axb4
28. Ra6 Bc8 29. Rc6 Qa5 30. f4 Bb7 31. Rd6 Qc5 32. fxe5 Bxe5 33. Re6 d3+ 34. e3
Bxb2 35. Bxb7 Qa7 36. Qxb2 Qxb7 37. Qd4 Ra8 38. Rd6 h5 39. Rd8+ Kh7 40. Rxa8
Qxa8 41. Qxd3 Qf3 42. c5 Kh8 43. Qd2 Qe4 44. Qc1 h4 45. gxh4 Qg4+ 1/2-1/2

[Event "Eynatten 2 - Fontaine "]
[Site "?"]
[Date "2012.10.07"]
[Round "2.6"]
[White "Andok, Claus Michael"]
[Black "Wantola, Ivo"]
[Result "0-1"]
[WhiteElo "2099"]
[BlackElo "2330"]
[PlyCount "90"]
[EventDate "2012.10.07"]

1. Nf3 c5 2. c4 g6 3. Nc3 Nc6 4. g3 Bg7 5. Bg2 e5 6. d3 Nge7 7. O-O O-O 8. Bd2
d6 9. Qc1 Rb8 10. Bh6 a6 11. h4 b5 12. b3 b4 13. Nd5 Nxd5 14. cxd5 Nd4 15. Re1
Re8 16. e4 Nb5 17. Kh2 f6 18. Bxg7 Kxg7 19. Nd2 Rf8 20. f4 Rb7 21. Rf1 h6 22.
f5 g5 23. Bf3 Bd7 24. h5 Qc7 25. Nc4 Ra8 26. Rf2 a5 27. Bd1 a4 28. bxa4 Nc3 29.
a5 Bb5 30. Bb3 Bxc4 31. Bxc4 Rxa5 32. g4 Rba7 33. Rg2 Ra3 34. Rb2 R7a5 35. Qe1
Qa7 36. Qd2 Na4 37. Rab1 Nxb2 38. Rxb2 Rc3 39. Kg2 Raa3 40. Kf2 Rxc4 41. dxc4
Rh3 42. Kg2 Qa3 43. Qf2 Rh4 44. Rb3 Qc1 45. Rxb4 Qh1+ 0-1

[Event "Eynatten 2 - Fontaine "]
[Site "?"]
[Date "2012.10.07"]
[Round "2.4"]
[White "Maes, Valeer"]
[Black "Maréchal, Andy"]
[Result "1/2-1/2"]
[WhiteElo "2179"]
[BlackElo "2342"]
[PlyCount "79"]
[EventDate "2012.10.07"]

1. d4 d5 2. c4 c6 3. Nf3 Nf6 4. Nbd2 Bf5 5. Nh4 Bg6 6. Qb3 Qb6 7. Qh3 Nbd7 8.
Nxg6 fxg6 9. e3 O-O-O 10. Be2 Kb8 11. Qg3+ Qc7 12. Qxc7+ Kxc7 13. cxd5 cxd5 14.
O-O e6 15. b3 Bb4 16. a3 Be7 17. Bb2 Kb8 18. Rac1 Rc8 19. Rxc8+ Rxc8 20. Rc1
Rf8 21. Bf3 Bd6 22. Rc2 Re8 23. Be2 e5 24. dxe5 Bxe5 25. Bxe5+ Nxe5 26. Rc1 Re6
27. b4 Rc6 28. Rxc6 bxc6 29. h3 Kc7 30. Kf1 Kd6 31. Ke1 Ned7 32. Nb3 c5 33.
bxc5+ Nxc5 34. Nd4 a6 35. f3 Nfd7 36. Kd2 a5 37. Bb5 Nb6 38. Kc3 Nba4+ 39. Kc2
Nb6 40. Kc3 1/2-1/2

[Event "Eynatten 2 - Fontaine"]
[Site "?"]
[Date "2012.10.07"]
[Round "2.2"]
[White "Kaufeld, Juergen"]
[Black "Cekro, Ekrem"]
[Result "1/2-1/2"]
[WhiteElo "2337"]
[BlackElo "2397"]
[PlyCount "45"]
[EventDate "2012.10.07"]

1. d4 Nf6 2. Bg5 e6 3. e4 h6 4. Bxf6 Qxf6 5. c3 e5 6. Nf3 Nc6 7. Bb5 exd4 8.
cxd4 a6 9. Ba4 Bb4+ 10. Nc3 O-O 11. O-O Bxc3 12. bxc3 d6 13. Qd3 Ne7 14. Bc2 d5
15. Rfe1 g6 16. Qd2 Kg7 17. e5 Qc6 18. Nh4 g5 19. Qd3 Rh8 20. Nf3 Bf5 21. Qd2
Bxc2 22. Qxc2 Qe6 23. Nd2 1/2-1/2

[Event "Eynatten 2 - Eynatten 1"]
[Site "?"]
[Date "2012.09.23"]
[Round "1.7"]
[White "Dorr, Yannick"]
[Black "Peters, Mathias"]
[Result "1/2-1/2"]
[WhiteElo "1930"]
[BlackElo "1981"]
[PlyCount "34"]
[EventDate "2012.??.??"]
[WhiteTeam "Eynatten 2"]
[BlackTeam "Eynatten 1"]
[WhiteTeamCountry "BEL"]
[BlackTeamCountry "BEL"]

1. e4 e5 2. Nf3 Nc6 3. Bc4 Be7 4. O-O Nf6 5. Re1 O-O 6. d3 d6 7. h3 Na5 8. Bb3
Nxb3 9. axb3 Bd7 10. Nc3 c5 11. Ne2 b5 12. Ng3 a5 13. c3 a4 14. d4 Qc7 15. Nh4
axb3 16. Rxa8 Rxa8 17. Qxb3 cxd4 1/2-1/2

[Event "Eynatten 2 - Eynatten 1"]
[Site "?"]
[Date "2012.09.23"]
[Round "1.5"]
[White "Andok, Claus Michael"]
[Black "Ciorei, Dragus"]
[Result "1/2-1/2"]
[WhiteElo "2099"]
[BlackElo "2193"]
[PlyCount "21"]
[EventDate "2012.??.??"]
[WhiteTeam "Eynatten 2"]
[BlackTeam "Eynatten 1"]
[WhiteTeamCountry "BEL"]
[BlackTeamCountry "BEL"]

1. Nf3 Nf6 2. b3 g6 3. Bb2 Bg7 4. c4 O-O 5. g3 c5 6. Bg2 Nc6 7. O-O d6 8. Na3
Bd7 9. Nc2 a6 10. Ne3 Rb8 11. d3 1/2-1/2

[Event "Eynatten 2 - Eynatten 1"]
[Site "?"]
[Date "2012.09.23"]
[Round "1.1"]
[White "Becker, Marcel"]
[Black "Hausrath, Daniel"]
[Result "1/2-1/2"]
[WhiteElo "2424"]
[BlackElo "2508"]
[PlyCount "42"]
[EventDate "2012.??.??"]
[WhiteTeam "Eynatten 2"]
[BlackTeam "Eynatten 1"]
[WhiteTeamCountry "BEL"]
[BlackTeamCountry "BEL"]

1. d4 g6 2. c4 Bg7 3. e4 d6 4. Nc3 Nf6 5. Be2 O-O 6. Nf3 c5 7. O-O cxd4 8. Nxd4
Nc6 9. Be3 Bd7 10. Qd2 Nxd4 11. Bxd4 Bc6 12. f3 Nd7 13. Be3 a5 14. b3 Nc5 15.
Rab1 Qb6 16. Rfc1 Rfc8 17. Kh1 h5 18. Bd1 Qd8 19. a3 Ne6 20. b4 axb4 21. axb4
Ra3 1/2-1/2

[Event "Eynatten 2 - Deurne"]
[Site "?"]
[Date "2012.11.18"]
[Round "4.7"]
[White "Dorr, Yannick"]
[Black "Knors, Rudi"]
[Result "1/2-1/2"]
[WhiteElo "1930"]
[BlackElo "2120"]
[PlyCount "53"]
[EventDate "2012.??.??"]

1. e4 c6 2. d4 d5 3. Nc3 dxe4 4. Nxe4 Nd7 5. Nf3 Ngf6 6. Nxf6+ Nxf6 7. h3 Bf5
8. Bc4 e6 9. O-O Be7 10. c3 O-O 11. Bf4 Qb6 12. Qe2 c5 13. Be5 Nd7 14. Rad1
Rfd8 15. Rfe1 a6 16. d5 Nxe5 17. Nxe5 Bf6 18. g4 exd5 19. Bxd5 Be6 20. Nc4 Qc7
21. Bxe6 Rxd1 22. Rxd1 Re8 23. Bxf7+ Qxf7 24. Qd3 Bh4 25. Qf1 Bxf2+ 26. Qxf2
Qxc4 27. Qg2 1/2-1/2

[Event "Eynatten 2 - Deurne"]
[Site "?"]
[Date "2012.11.18"]
[Round "4.5"]
[White "Richters, Marc"]
[Black "Tolk, Pieter"]
[Result "0-1"]
[WhiteElo "2045"]
[BlackElo "2153"]
[PlyCount "92"]
[EventDate "2012.??.??"]

1. e4 d5 2. e5 c5 3. f4 Nc6 4. Nf3 Bf5 5. Be2 e6 6. O-O Nge7 7. d4 Nxd4 8. Nxd4
cxd4 9. Qxd4 Nc6 10. Qa4 Qb6+ 11. Kh1 O-O-O 12. c3 g5 13. b4 gxf4 14. Bxf4 Bg7
15. Bg5 Rdg8 16. Rxf5 exf5 17. Qc2 Nxe5 18. Qxf5+ Qe6 19. Qf2 Kb8 20. Na3 Nc6
21. b5 Ne7 22. b6 a6 23. Bh5 Bxc3 24. Bf4+ Ka8 25. Rc1 Rc8 26. Bc7 d4 27. Bxf7
Qf5 28. Qxf5 Nxf5 29. Nc4 Rhf8 30. Bd5 Ne3 31. Bxb7+ Kxb7 32. Nd6+ Kc6 33. Nxc8
Rxc8 34. Be5 Kb7 35. Kg1 Nc4 36. Bc7 Re8 37. Kf2 Nxb6 38. Bf4 Nd5 39. Bg5 Kc6
40. h4 Kb5 41. g4 d3 42. Kf3 d2 43. Bxd2 Bxd2 44. Rd1 Re3+ 45. Kf2 Rd3 46. Ke2
Nf4+ 0-1

[Event "Eynatten 2 - Deurne"]
[Site "?"]
[Date "2012.11.18"]
[Round "4.1"]
[White "Balduan, Markus"]
[Black "Froeyman, Helmut"]
[Result "1/2-1/2"]
[WhiteElo "2288"]
[BlackElo "2343"]
[PlyCount "33"]
[EventDate "2012.??.??"]

1. c4 f5 2. Nf3 Nf6 3. g3 e6 4. Bg2 Be7 5. O-O O-O 6. d3 Nc6 7. Nc3 d6 8. Rb1
a5 9. a3 Qe8 10. b4 axb4 11. axb4 e5 12. b5 Nd8 13. Bg5 Ne6 14. Bxf6 Bxf6 15.
Nd5 Bd8 16. Nd2 Bd7 17. Ra1 1/2-1/2

[Event "Eynatten 2 - CREC "]
[Site "?"]
[Date "2012.10.21"]
[Round "3.8"]
[White "Lysander, Hans"]
[Black "Bauduin, Etienne"]
[Result "1/2-1/2"]
[WhiteElo "1821"]
[BlackElo "2249"]
[PlyCount "158"]
[EventDate "2012.10.22"]

1. e4 e6 2. d4 d5 3. e5 c5 4. c3 Nc6 5. Nf3 Nge7 6. Be2 Nf5 7. g4 Nh4 8. Nxh4
Qxh4 9. Bf4 Bd7 10. Qd2 Rc8 11. Qe3 cxd4 12. cxd4 Qd8 13. Qd2 Bb4 14. Nc3 Na5
15. O-O Nc4 16. Bxc4 Rxc4 17. a3 Ba5 18. b4 Bb6 19. Ne2 O-O 20. Bg5 f6 21. exf6
gxf6 22. Bh4 Qe8 23. Rad1 Qg6 24. h3 Rc2 25. Qe3 e5 26. Qf3 e4 27. Qe3 Bb5 28.
Nc3 Rxc3 29. Qxc3 Qh6 30. Qg3 Bxf1 31. Kxf1 Rc8 32. g5 fxg5 33. Bxg5 Qg7 34.
Qd6 Qf7 35. Qg3 Qg7 36. Qd6 Qf7 37. Qg3 Kf8 38. Qe5 Rc6 39. Qh8+ Qg8 40. Qe5
Qf7 41. Qh8+ Qg8 42. Qe5 Qg6 43. Qxd5 Rd6 44. Qe5 Re6 45. Qf4+ Kg8 46. d5 Re8
47. Bh6 e3 48. Re1 Qd3+ 49. Re2 Qb1+ 50. Kg2 Qg6+ 51. Qg4 Qxg4+ 52. hxg4 Re5
53. Bxe3 Kf7 54. Kf3 Bxe3 55. Rxe3 Rxd5 56. Kg3 a5 57. bxa5 Rxa5 58. f4 h6 59.
Rb3 b5 60. Kh4 Kg7 61. f5 Ra4 62. Kh5 Ra5 63. Rd3 Ra7 64. Kh4 Kf7 65. Rd6 Kg7
66. Rb6 Rxa3 67. Rxb5 Ra1 68. Rb7+ Kf6 69. Rb6+ Kg7 70. Rg6+ Kh7 71. Kg3 Rg1+
72. Kf4 Ra1 73. g5 hxg5+ 74. Rxg5 Ra4+ 75. Kg3 Ra3+ 76. Kh4 Ra4+ 77. Kh5 Ra1
78. Rg3 Rh1+ 79. Kg5 Kg7 1/2-1/2

[Event "Eynatten 2 - CREC "]
[Site "?"]
[Date "2012.10.21"]
[Round "3.6"]
[White "Bischofs, Heinrich"]
[Black "Laurent, Bruno"]
[Result "0-1"]
[WhiteElo "1877"]
[BlackElo "2339"]
[PlyCount "79"]
[EventDate "2012.10.22"]

1. e4 e6 2. d4 d5 3. Nc3 Nf6 4. Bg5 Be7 5. e5 Nfd7 6. Bxe7 Qxe7 7. f4 Nc6 8.
Nf3 Nb6 9. Qd2 Bd7 10. Be2 a6 11. O-O O-O 12. Nd1 f6 13. Ne3 fxe5 14. fxe5 Be8
15. c3 Bh5 16. Rf2 Rf4 17. Raf1 Raf8 18. g3 R4f7 19. b3 Nd8 20. Ng2 c5 21. Nf4
Bg4 22. dxc5 Qxc5 23. Qd4 Qxd4 24. Nxd4 Bxe2 25. Nfxe2 Nd7 26. Nf4 Nc5 27. Rf3
Re8 28. Nd3 Ne4 29. Rxf7 Nxf7 30. Nf4 Nxe5 31. c4 Nc6 32. Nfxe6 dxc4 33. bxc4
Nd2 34. Rc1 Nxd4 35. Nxd4 Re4 36. Nb3 Nf3+ 37. Kg2 Ne5 38. Nc5 Re2+ 39. Kf1
Rxh2 40. Nxb7 0-1

[Event "Eynatten 2 - CREC "]
[Site "?"]
[Date "2012.10.21"]
[Round "3.4"]
[White "Loo, Bernd"]
[Black "Eliet, Nicolas"]
[Result "0-1"]
[WhiteElo "1986"]
[BlackElo "2349"]
[PlyCount "96"]
[EventDate "2012.10.22"]

1. e4 c6 2. d4 d5 3. e5 Bf5 4. Bd3 Bxd3 5. Qxd3 e6 6. Ne2 Qa5+ 7. Nbc3 Qa6 8.
Qh3 Nd7 9. f4 Ne7 10. O-O g6 11. g4 O-O-O 12. a4 h5 13. b4 Qc4 14. a5 Bg7 15.
g5 Nf5 16. Qd3 Qxd3 17. cxd3 Bf8 18. Rb1 Be7 19. Na4 b6 20. Bd2 Kb7 21. Rfc1
Rb8 22. Rc2 Rhc8 23. axb6 axb6 24. Ra2 Ra8 25. Rba1 Ra6 26. Nb2 Rxa2 27. Rxa2
Nb8 28. Nd1 Na6 29. Rb2 Nc7 30. Ndc3 Ra8 31. Kf2 Ra3 32. Be3 Ka6 33. Bd2 Kb7
34. Bc1 Nxd4 35. Nxd4 Rxc3 36. Be3 Rxd3 37. Ke2 Rc3 38. h4 Rc4 39. Nc2 Nb5 40.
Kd3 Re4 41. Rb1 Nc7 42. Rb2 Na6 43. Bd2 c5 44. b5 Nc7 45. Be3 Ra4 46. Bd2 c4+
47. Kc3 Bc5 48. Ne1 Ra3+ 0-1

[Event "Eynatten 2 - CREC "]
[Site "?"]
[Date "2012.10.21"]
[Round "3.2"]
[White "Vanstreels, Luk"]
[Black "Houriez, Clement"]
[Result "0-1"]
[WhiteElo "2122"]
[BlackElo "2355"]
[PlyCount "72"]
[EventDate "2012.10.22"]

1. d4 Nf6 2. Bg5 e6 3. e4 c5 4. Bxf6 Qxf6 5. c3 d5 6. Bb5+ Nc6 7. exd5 exd5 8.
Qe2+ Be6 9. Nf3 Bd6 10. Nbd2 O-O 11. dxc5 Bxc5 12. Nb3 Bb6 13. O-O a6 14. Ba4
Ba7 15. Nbd2 b5 16. Bc2 g6 17. Rad1 Rfe8 18. Rfe1 Bd7 19. Qf1 Red8 20. Nb3 Bg4
21. Rd3 d4 22. Nbxd4 Bxd4 23. Nxd4 Nxd4 24. cxd4 Rxd4 25. Bb3 Rad8 26. Rde3
R8d7 27. h3 Bf5 28. Rf3 Rd2 29. g4 Qg5 30. Qg2 Bc2 31. Rfe3 Bxb3 32. axb3 Qf6
33. Qa8+ Kg7 34. f4 Qxf4 35. Rf3 Qh2+ 36. Kf1 Qh1# 0-1

[Event "Eynatten 2 - Borgerhout "]
[Site "?"]
[Date "2012.12.02"]
[Round "5.8"]
[White "Dorr, Yannick"]
[Black "Lombaerts, Peter"]
[Result "0-1"]
[WhiteElo "1930"]
[BlackElo "2142"]
[PlyCount "96"]
[EventDate "2012.12.02"]

1. e4 Nf6 2. Nc3 d5 3. e5 Nfd7 4. d4 c5 5. Nf3 cxd4 6. Qxd4 e6 7. Bd3 Nc6 8.
Qf4 g6 9. O-O Bg7 10. Re1 O-O 11. b3 Ndxe5 12. Nxe5 Nxe5 13. Bb2 Nxd3 14. cxd3
b6 15. Rac1 Ba6 16. Qa4 Bxd3 17. Rcd1 Bc2 18. Rd2 Bf5 19. h4 a6 20. Nd1 Bxb2
21. Nxb2 Qf6 22. Nd1 Rfd8 23. Qf4 Rac8 24. Ne3 h5 25. f3 d4 26. Nf1 d3 27. Red1
e5 28. Qe3 Qxh4 29. Qxb6 Qd4+ 30. Qxd4 Rxd4 31. Ne3 e4 32. f4 Bg4 33. Nxg4 hxg4
34. Kf2 f5 35. g3 Rd5 36. Ke3 Rdc5 37. a4 a5 38. Rb1 Rc1 39. Rbb2 Rg1 40. Kf2
Rh1 41. Ke3 Rb8 42. Kd4 Kf7 43. Kc4 Ke6 44. Rh2 Rc8+ 45. Kd4 Rxh2 46. Rxh2 Rc2
47. Rh1 Re2 48. Rd1 d2 0-1

[Event "Eynatten 2 - Borgerhout "]
[Site "?"]
[Date "2012.12.02"]
[Round "5.6"]
[White "Maes, Valeer"]
[Black "Veltkamp, Gerben"]
[Result "1/2-1/2"]
[WhiteElo "2179"]
[BlackElo "2195"]
[PlyCount "134"]
[EventDate "2012.12.02"]

1. d4 d5 2. Nf3 Nf6 3. c4 dxc4 4. e3 Bg4 5. Bxc4 e6 6. O-O Nbd7 7. Nc3 Bd6 8.
Be2 O-O 9. b3 a6 10. Bb2 Qe7 11. Nd2 Bxe2 12. Qxe2 e5 13. Nce4 Nxe4 14. Nxe4
Ba3 15. Bxa3 Qxa3 16. Rac1 c6 17. dxe5 Nxe5 18. Nc5 b6 19. f4 bxc5 20. fxe5
Rae8 21. Rc4 Qa5 22. Qb2 f6 23. exf6 Rxe3 24. f7+ Kh8 25. Rg4 Qc3 26. Qxc3 Rxc3
27. Ra4 g6 28. Rxa6 Rc2 29. Rxc6 Kg7 30. a4 Rb2 31. Rxc5 Rxb3 32. Rc7 Ra3 33.
Ra7 h5 34. g3 Ra2 35. h4 Rb2 36. Rf4 Ra2 37. Re7 Rb2 38. Rd7 Ra2 39. Ra7 Rb2
40. Rc7 Ra2 41. Kf1 Rb2 42. a5 Ra2 43. Ra7 Rc2 44. a6 Ra2 45. Rf3 g5 46. hxg5
Kg6 47. Rf2 Ra1+ 48. Kg2 Ra5 49. Kh3 Ra1 50. Rf4 Rh1+ 51. Kg2 Ra1 52. Rf1 Ra3
53. Rf4 Ra1 54. Kf3 Kxg5 55. Rb4 Kg6 56. Rb6+ Kg7 57. Kf4 Ra5 58. Rab7 Rxf7+
59. Rxf7+ Kxf7 60. Kf3 Ra4 61. Kg2 Kg7 62. Kh3 Kh7 63. Rb7+ Kg6 64. a7 Ra2 65.
Rb6+ Kg5 66. Rb5+ Kg6 67. Rb6+ Kg5 1/2-1/2

[Event "Eynatten 2 - Borgerhout "]
[Site "?"]
[Date "2012.12.02"]
[Round "5.4"]
[White "Litwak, Aleksej"]
[Black "De Haan, Erivc"]
[Result "0-1"]
[WhiteElo "2237"]
[BlackElo "2362"]
[PlyCount "84"]
[EventDate "2012.12.02"]

1. e4 c5 2. Nf3 e6 3. c4 Nc6 4. Nc3 Nf6 5. Be2 Be7 6. d4 cxd4 7. Nxd4 d6 8. O-O
O-O 9. Be3 Bd7 10. Rc1 Nxd4 11. Qxd4 Bc6 12. b4 b6 13. Rfd1 Qb8 14. f4 Rd8 15.
Bf3 Rd7 16. g4 Qd8 17. g5 Ne8 18. h4 Rc8 19. Bg4 Rdc7 20. f5 Bd7 21. Nb5 Bxb5
22. cxb5 Rxc1 23. Rxc1 Rxc1+ 24. Bxc1 Qc7 25. Bb2 d5 26. exd5 Qg3+ 27. Kf1 exf5
28. Bxf5 Qf3+ 29. Qf2 Qxd5 30. a3 Nd6 31. Bc2 Nc4 32. Bc3 Nxa3 33. Qf5 Nxc2 34.
Qxc2 Qh1+ 35. Ke2 Qxh4 36. Qf5 Qxg5 37. Qc8+ Bf8 38. Qc4 h5 39. Bd4 h4 40. Qd3
Bxb4 41. Be3 Qg4+ 42. Kf1 Qf3+ 0-1

[Event "Eynatten 2 - Borgerhout "]
[Site "?"]
[Date "2012.12.02"]
[Round "5.2"]
[White "Michalczak, Thomas"]
[Black "Vedder, Henk"]
[Result "1-0"]
[WhiteElo "2364"]
[BlackElo "2434"]
[PlyCount "75"]
[EventDate "2012.12.02"]

1. e4 e6 2. d4 d5 3. Nc3 Nf6 4. e5 Nfd7 5. Nf3 c5 6. Bg5 Qb6 7. dxc5 Nxc5 8.
Rb1 Nc6 9. Be3 Qd8 10. a3 a6 11. Bf4 Be7 12. h4 Qc7 13. h5 O-O 14. Qd2 Rd8 15.
h6 g6 16. Bd3 Ne4 17. Qe2 Nxc3 18. bxc3 Na5 19. O-O Qxc3 20. Bg5 Bxg5 21. Nxg5
Qc7 22. Rfe1 Qe7 23. Qg4 Bd7 24. Re3 Be8 25. Rb4 d4 26. Re1 b5 27. Qf4 Bc6 28.
Nh3 Bd5 29. Ng5 Rac8 30. a4 Bc4 31. axb5 axb5 32. Bxc4 Rxc4 33. Rxb5 d3 34. Ne4
dxc2 35. Rxa5 Qb4 36. Raa1 f5 37. Nf6+ Kh8 38. Qxc4 1-0